000 00713cab a2200217 4500
001 WB3301-78
008 090401t1996 xxu||||| |||| 00| 0 eng d
035 _a(Sirsi) u13318
041 _aeng
245 _aVAT move rocks City market confidence
260 _c1996
350 _a0
490 _aProperty Week
_v57(12) 20 December 1996, 1(1)
520 _aLettings on vast amounts of City space are under threat following the Budget announcement of proposed changes to VAT regulations. Agents claim that more than 28,000 sq m have been stalled.
650 _aBUDGET 1996
650 _aPROPERTY-COMMERCIAL PROPERTY
650 _aVAT REGULATIONS
690 _aTAXATION
942 _n0
948 _c04/03/1997
999 _c8582
_d8582